El Proceso de integración en América Latina en 1983 /

Zapisane w:
Opis bibliograficzny
organizacja autorów: Banco Interamericano de Desarrollo. Instituto para la Integración de América Latina, BID. INTAL
Format: Texto
Wydane: Buenos Aires: INTAL
Etykiety: Dodaj etykietę
Nie ma etykietki, Dołącz pierwszą etykiete!

MARC

LEADER 00000 a a2200000 04500
001 24593
003
040 |a CRAI/IIS  |c CRAI/IIS 
090 |a 169500  
110 |a Banco Interamericano de Desarrollo. Instituto para la Integración de América Latina  
245 |a El Proceso de integración en América Latina en 1983 /  |c Banco Interamericano de Desarrollo. Instituto para la Integración de América Latina  
260 |a Buenos Aires:   |b INTAL  
300 |a 437 p.   |b **no definido**  
710 |a BID. INTAL  
999 |c 4472  |d 4472